[Event "CZE-chT2F 2122"]
[Site "Czech Republic"]
[Date "2022.01.16"]
[Round "6.6"]
[White "Pan, Vladimir"]
[Black "Trapl, Dalibor"]
[Result "0-1"]
[WhiteElo "1996"]
[BlackElo "2146"]
[PlyCount "52"]
[EventDate "2021.10.17"]
[EventType "team-tourn"]
[EventRounds "11"]
[EventCountry "CZE"]
[SourceTitle "EXT 2024"]
[Source "ChessBase"]
[SourceDate "2023.10.10"]
[SourceVersion "1"]
[SourceVersionDate "2023.10.10"]
[SourceQuality "1"]
[WhiteTeam "Litovel Tatran"]
[BlackTeam "Poruba Slavoj III"]
[WhiteTeamCountry "CZE"]
[BlackTeamCountry "CZE"]

1. e4 c5 2. Nf3 d6 3. d4 cxd4 4. Nxd4 Nf6 5. Nc3 g6 6. Be3 Bg7 7. f3 0-0 8. Qd2 Nc6 9. 0-0-0 d5 10. Nxc6 bxc6 11. exd5 Nxd5 12. Nxd5 cxd5 13. Qxd5 Qc7 14. Qc5 Qb7 15. Qa3 Bf5 16. Bd3 Rab8 17. b3 Rfc8 18. Bxf5 gxf5 19. Bd4 Qc7 20. Qb2 e5 21. Bf2 a5 22. a4 Rb4 23. Be1 e4 24. Qa2 Bc3 25. Bxc3 Qxc3 26. Kb1 Rcb8 0-1

[Event "Prague op"]
[Site "Prague"]
[Date "2020.02.17"]
[Round "4"]
[White "Kushko, Dmitriy"]
[Black "Trapl, Dalibor"]
[Result "1-0"]
[WhiteElo "2283"]
[BlackElo "2038"]
[PlyCount "53"]
[EventDate "2020.02.14"]
[EventType "swiss"]
[EventRounds "9"]
[EventCountry "CZE"]
[SourceTitle "CBM 195 Extra"]
[Source "ChessBase"]
[SourceDate "2020.05.31"]
[SourceVersion "1"]
[SourceVersionDate "2020.05.31"]
[SourceQuality "1"]

1. Nf3 d5 2. g3 Nf6 3. Bg2 Bf5 4. 0-0 h6 5. c4 c6 6. Qb3 Qb6 7. d3 Nbd7 8. cxd5 cxd5 9. Qa4 e6 10. Nc3 Qb4 11. Qd1 Be7 12. a3 Qa5 13. Re1 0-0 14. Bd2 Qb6 15. e4 dxe4 16. dxe4 Bh7 17. Be3 Qd8 18. Bd4 Nc5 19. e5 Nd5 20. Nxd5 exd5 21. b4 Ne6 22. Bb2 Be4 23. Nd4 Bxg2 24. Kxg2 Nxd4 25. Qxd4 a5 26. e6 Bf6 27. e7 1-0

[Event "Prague op"]
[Site "Prague"]
[Date "2019.03.10"]
[Round "3"]
[White "Trapl, Dalibor"]
[Black "Bartos, Jan"]
[Result "1/2-1/2"]
[WhiteElo "2047"]
[BlackElo "2204"]
[PlyCount "46"]
[EventDate "2019.03.09"]
[EventType "swiss"]
[EventRounds "9"]
[EventCountry "CZE"]
[SourceTitle "CBM 189 Extra"]
[Source "ChessBase"]
[SourceDate "2019.05.31"]
[SourceVersion "1"]
[SourceVersionDate "2019.05.31"]
[SourceQuality "1"]

1. c4 Nf6 2. Nc3 c5 3. g3 e6 4. Nf3 b6 5. Bg2 Bb7 6. 0-0 Be7 7. b3 0-0 8. Bb2 d5 9. cxd5 Nxd5 10. Nxd5 Bxd5 11. Qc2 Nc6 12. e4 Nb4 13. Qb1 Bb7 14. d4 cxd4 15. Nxd4 Rc8 16. a3 Nc6 17. Rd1 Nxd4 18. Bxd4 Qe8 19. Qb2 f6 20. b4 e5 21. Qb3+ Qf7 22. Qxf7+ Kxf7 23. Be3 Rfd8 1/2-1/2

[Event "Prague op"]
[Site "Prague"]
[Date "2019.03.10"]
[Round "2"]
[White "Veselsky, Jan"]
[Black "Trapl, Dalibor"]
[Result "0-1"]
[WhiteElo "1561"]
[BlackElo "2047"]
[PlyCount "60"]
[EventDate "2019.03.09"]
[EventType "swiss"]
[EventRounds "9"]
[EventCountry "CZE"]
[SourceTitle "CBM 189 Extra"]
[Source "ChessBase"]
[SourceDate "2019.05.31"]
[SourceVersion "1"]
[SourceVersionDate "2019.05.31"]
[SourceQuality "1"]

1. Nf3 Nf6 2. b3 d5 3. Bb2 Bf5 4. e3 c5 5. Bb5+ Nc6 6. d3 e6 7. Nbd2 Be7 8. 0-0 Qc7 9. Ne5 0-0 10. Ndf3 Nxe5 11. Nxe5 a6 12. e4 Bg6 13. Bxa6 bxa6 14. exd5 Nxd5 15. c4 Nb4 16. a3 Nc6 17. Ng4 Rfd8 18. Qf3 Rxd3 19. Ne3 Rb8 20. b4 Nd4 21. Qg4 h5 22. Qh3 Nc2 23. Rac1 Nxe3 24. fxe3 cxb4 25. a4 Bc5 26. Rf3 Rbd8 27. Rcf1 Rd1 28. g3 Be4 29. Rxd1 Rxd1+ 30. Rf1 Bxe3# 0-1

[Event "Prague op"]
[Site "Prague"]
[Date "2019.03.09"]
[Round "1"]
[White "Trapl, Dalibor"]
[Black "Rakotomaharo, Fy Antenaina"]
[Result "0-1"]
[WhiteElo "2047"]
[BlackElo "2409"]
[PlyCount "84"]
[EventDate "2019.03.09"]
[EventType "swiss"]
[EventRounds "9"]
[EventCountry "CZE"]
[SourceTitle "CBM 189 Extra"]
[Source "ChessBase"]
[SourceDate "2019.05.31"]
[SourceVersion "1"]
[SourceVersionDate "2019.05.31"]
[SourceQuality "1"]

1. e4 e5 2. Nf3 Nc6 3. Bb5 a6 4. Ba4 d6 5. 0-0 Bd7 6. c3 g6 7. d4 Bg7 8. Be3 Nf6 9. dxe5 dxe5 10. Nbd2 Qe7 11. b4 b6 12. h3 0-0 13. Qc2 h6 14. Rfd1 Nh5 15. Nf1 Rfd8 16. Bd2 Nf4 17. Ne3 Qf6 18. Nd5 Nxd5 19. exd5 Bf5 20. Qc1 Rxd5 21. Bxh6 Rxd1+ 22. Bxd1 e4 23. Bxg7 Kxg7 24. Ne1 a5 25. b5 Ne5 26. Be2 Rd8 27. Bf1 Qd6 28. c4 f6 29. Qc3 Qd4 30. Qxd4 Rxd4 31. Nc2 Rd2 32. Ne3 Be6 33. a4 f5 34. Rc1 Ra2 35. Nd5 Nd3 36. Rc3 Bxd5 37. cxd5 Nc5 38. Rc1 Kf6 39. f4 exf3 40. Rxc5 bxc5 41. d6 cxd6 42. b6 Rxa4 0-1

[Event "CZE-chT1E 1718"]
[Site "Czech Republic"]
[Date "2017.10.22"]
[Round "1.6"]
[White "Trapl, Dalibor"]
[Black "Skalsky, Alexandr"]
[Result "1-0"]
[WhiteElo "2132"]
[BlackElo "2152"]
[PlyCount "135"]
[EventDate "2017.10.22"]
[EventType "team-tourn"]
[EventRounds "11"]
[EventCountry "CZE"]
[SourceTitle "CBM 181 Extra"]
[Source "ChessBase"]
[SourceDate "2017.12.12"]
[SourceVersion "1"]
[SourceVersionDate "2017.12.12"]
[SourceQuality "1"]
[WhiteTeam "Ostrava"]
[BlackTeam "Stare Mesto"]
[WhiteTeamCountry "CZE"]
[BlackTeamCountry "CZE"]

1. e4 c5 2. Nf3 d6 3. d4 cxd4 4. Nxd4 Nf6 5. Nc3 a6 6. Bg5 e6 7. f4 Nbd7 8. Bc4 b5 9. Bxe6 fxe6 10. Nxe6 Qb6 11. Nd5 Nxd5 12. Qxd5 Nb8 13. Nxf8 Rxf8 14. Qxa8 h6 15. 0-0-0 hxg5 16. e5 gxf4 17. exd6 Qb7 18. Rhe1+ Kd8 19. Qxb7 Bxb7 20. Rd2 Rf7 21. a4 Nd7 22. axb5 axb5 23. b3 Nf6 24. Re5 Ng4 25. Rxb5 Bc6 26. Rg5 Nxh2 27. Rf2 Kd7 28. c4 Kxd6 29. b4 Bd7 30. Kb2 Kc7 31. Kc3 Ng4 32. Ra2 Kb8 33. b5 Ne3 34. Rg6 Bf5 35. Rb6+ Rb7 36. Rba6 Be4 37. Ra8+ Kc7 38. Rg8 Nf5 39. Kb4 Rb8 40. Rxb8 Kxb8 41. c5 Ne3 42. c6 Bxg2 43. Kc5 g5 44. b6 Bxc6 45. Kxc6 Nc4 46. Re2 Na5+ 47. Kb5 Nb3 48. Re8+ Kb7 49. Re7+ Kb8 50. Re5 Kb7 51. Rxg5 Nd4+ 52. Kc4 Nc6 53. Kc5 Nd8 54. Rg7+ Kc8 55. Kd6 Nb7+ 56. Kd5 Nd8 57. Rg8 Kd7 58. Rf8 Nb7 59. Rf7+ Kc8 60. Rxf4 Nd8 61. Rf8 Kd7 62. Rg8 Nb7 63. Rg7+ Kc8 64. Kc6 Nd8+ 65. Kb5 Ne6 66. Re7 Nd8 67. Ka6 Nc6 68. Rc7+ 1-0

[Event "CZE-ch blitz"]
[Site "Prague"]
[Date "2016.12.17"]
[Round "2"]
[White "Kociscak, Jiri"]
[Black "Trapl, Dalibor"]
[Result "1-0"]
[WhiteElo "2478"]
[BlackElo "2100"]
[PlyCount "51"]
[EventDate "2016.12.17"]
[EventType "swiss (blitz)"]
[EventRounds "15"]
[EventCountry "CZE"]
[SourceTitle "CBM 176 Extra"]
[Source "ChessBase"]
[SourceDate "2017.03.02"]
[SourceVersion "1"]
[SourceVersionDate "2017.03.02"]
[SourceQuality "1"]

1. d4 Nf6 2. c4 e6 3. Nf3 b6 4. Bf4 Bb7 5. e3 Be7 6. h3 0-0 7. Nc3 d5 8. Be2 dxc4 9. Bxc4 c5 10. 0-0 Nbd7 11. d5 exd5 12. Nxd5 Nxd5 13. Bxd5 Bxd5 14. Qxd5 Nf6 15. Qc4 Qd5 16. Qa4 Rfd8 17. Rad1 Qb7 18. Ne5 b5 19. Qb3 Bf8 20. Bg5 Rd6 21. Rxd6 Bxd6 22. Bxf6 gxf6 23. Ng4 Be7 24. Nh6+ Kg7 25. Nf5+ Kh8 26. Qxf7 1-0

[Event "CZE-chT2F 1314"]
[Site "Czech Republic"]
[Date "2014.04.06"]
[Round "11.33"]
[White "Matras Clement, Agnieszka"]
[Black "Trapl, Dalibor"]
[Result "0-1"]
[WhiteElo "2245"]
[BlackElo "2176"]
[PlyCount "78"]
[EventDate "2013.11.03"]
[EventType "team-tourn"]
[EventRounds "11"]
[EventCountry "CZE"]
[SourceTitle "EXT 2016"]
[Source "ChessBase"]
[SourceDate "2015.10.08"]
[SourceVersion "1"]
[SourceVersionDate "2015.10.08"]
[SourceQuality "1"]
[WhiteTeam "Trinec II"]
[BlackTeam "Poruba VOKD"]
[WhiteTeamCountry "CZE"]
[BlackTeamCountry "CZE"]

1. e4 c5 2. c3 d5 3. exd5 Qxd5 4. d4 Nc6 5. Nf3 Bg4 6. Be2 cxd4 7. cxd4 e6 8. Nc3 Qd6 9. 0-0 Nf6 10. Be3 Be7 11. h3 Bh5 12. a3 0-0 13. Qb3 a6 14. Rfd1 Rfd8 15. Rac1 b5 16. Qa2 Rac8 17. b4 Bg6 18. Qd2 Ne4 19. Nxe4 Bxe4 20. Rc3 h6 21. Rdc1 Bf6 22. Bf4 Qd7 23. Ne5 Qb7 24. Qe3 Bxg2 25. f3 Bxe5 26. dxe5 Bxh3 27. Bd3 Ne7 28. Be4 Nd5 29. Bxd5 exd5 30. Qd4 Rxc3 31. Rxc3 Be6 32. Be3 Rc8 33. Kf2 Rc4 34. Qd2 Qe7 35. Rxc4 bxc4 36. Qd4 Qd7 37. Qc3 Bf5 38. Qd4 Bd3 39. Ke1 Qh3 0-1

[Event "Prague Golden op 9th"]
[Site "Prague"]
[Date "2013.06.26"]
[Round "5"]
[White "Stigar, Petter"]
[Black "Trapl, Dalibor"]
[Result "1/2-1/2"]
[WhiteElo "2255"]
[BlackElo "2176"]
[PlyCount "33"]
[EventDate "2013.06.23"]
[EventType "swiss"]
[EventRounds "9"]
[EventCountry "CZE"]
[SourceTitle "CBM 155 Extra"]
[Source "ChessBase"]
[SourceDate "2013.08.26"]
[SourceVersion "1"]
[SourceVersionDate "2013.08.26"]
[SourceQuality "1"]

1. d4 Nf6 2. Nf3 e6 3. c4 b6 4. a3 Ba6 5. Qc2 d5 6. cxd5 exd5 7. g3 Bd6 8. Bg2 0-0 9. 0-0 Re8 10. Nc3 c6 11. Rd1 Nbd7 12. Bg5 Qc7 13. Bxf6 Nxf6 14. Rac1 Rac8 15. e3 Qd7 16. Qa4 Bc4 17. Nd2 1/2-1/2

[Event "CZE-chT2F 1213"]
[Site "Czech Republic"]
[Date "2013.03.24"]
[Round "11.35"]
[White "Trapl, Dalibor"]
[Black "Hladik, Oto"]
[Result "1/2-1/2"]
[WhiteElo "2164"]
[BlackElo "2173"]
[PlyCount "32"]
[EventDate "2012.10.14"]
[EventType "team-tourn"]
[EventRounds "11"]
[EventCountry "CZE"]
[SourceTitle "EXT 2016"]
[Source "ChessBase"]
[SourceDate "2015.10.08"]
[SourceVersion "1"]
[SourceVersionDate "2015.10.08"]
[SourceQuality "1"]
[WhiteTeam "Poruba VOKD"]
[BlackTeam "Ostrava TJ Nova Hut"]
[WhiteTeamCountry "CZE"]
[BlackTeamCountry "CZE"]

1. e4 c5 2. Nf3 d6 3. d4 cxd4 4. Nxd4 Nf6 5. Nc3 Nc6 6. Be2 g6 7. 0-0 Bg7 8. Be3 0-0 9. Nb3 Be6 10. f4 Na5 11. Nxa5 Qxa5 12. Bf3 Nd7 13. Bd4 Bxd4+ 14. Qxd4 Rac8 15. Rf2 Rc4 16. Qe3 Qb6 1/2-1/2

[Event "CZE-chT2F 1213"]
[Site "Czech Republic"]
[Date "2012.12.02"]
[Round "4.13"]
[White "Kalivoda, Jiri"]
[Black "Trapl, Dalibor"]
[Result "1-0"]
[WhiteElo "2179"]
[BlackElo "2164"]
[PlyCount "29"]
[EventDate "2012.10.14"]
[EventType "team-tourn"]
[EventRounds "11"]
[EventCountry "CZE"]
[SourceTitle "EXT 2016"]
[Source "ChessBase"]
[SourceDate "2015.10.08"]
[SourceVersion "1"]
[SourceVersionDate "2015.10.08"]
[SourceQuality "1"]
[WhiteTeam "Dobra"]
[BlackTeam "Poruba VOKD"]
[WhiteTeamCountry "CZE"]
[BlackTeamCountry "CZE"]

1. c4 Nf6 2. Nc3 e6 3. e4 d5 4. cxd5 exd5 5. e5 d4 6. exf6 dxc3 7. fxg7 cxd2+ 8. Bxd2 Qe7+ 9. Be2 Bxg7 10. Qc2 Nc6 11. 0-0-0 Nd4 12. Qb1 Qc5+ 13. Bc3 Bh6+ 14. Rd2 Nxe2+ 15. Nxe2 1-0

[Event "CZE-chT rap"]
[Site "Pardubice"]
[Date "2011.07.16"]
[Round "4"]
[White "Pakhomov, Alexey"]
[Black "Trapl, Dalibor"]
[Result "1-0"]
[WhiteElo "2404"]
[BlackElo "2132"]
[PlyCount "103"]
[EventDate "2011.07.14"]
[EventType "team-swiss"]
[EventRounds "7"]
[EventCountry "CZE"]
[SourceTitle "CBM 143 Extra"]
[Source "ChessBase"]
[SourceDate "2011.08.29"]
[SourceVersion "1"]
[SourceVersionDate "2011.08.29"]
[SourceQuality "1"]

1. d4 Nf6 2. Nf3 e6 3. Bg5 h6 4. Bxf6 Qxf6 5. e3 b6 6. Bd3 Bb7 7. Nbd2 d5 8. Qe2 Nd7 9. e4 dxe4 10. Bxe4 0-0-0 11. Bxb7+ Kxb7 12. 0-0 g5 13. a4 a5 14. c3 Qf5 15. b4 Ra8 16. bxa5 Qxa5 17. Nc4 Qd5 18. a5 Bd6 19. axb6 cxb6 20. Ne3 Qc6 21. c4 Rxa1 22. Rxa1 Ra8 23. Rxa8 Kxa8 24. g3 Kb7 25. h4 Be7 26. d5 Qd6 27. hxg5 hxg5 28. Nd4 exd5 29. Nxd5 Bd8 30. Qe8 Ne5 31. Nb5 Qb8 32. f4 gxf4 33. gxf4 Bc7 34. Ndxc7 Qxe8 35. Nxe8 Nd3 36. f5 Kc6 37. Ned6 Ne5 38. Kf2 Kc5 39. Ke3 f6 40. Ke4 Ng4 41. Kd3 Ne5+ 42. Kc3 Ng4 43. Ne4+ Kc6 44. Nd4+ Kd7 45. Kb4 Ke7 46. Nc2 Kd7 47. Kb5 Kc7 48. Nb4 Nh6 49. Nd5+ Kd8 50. Ne3 Kc7 51. Nxf6 Kd6 52. Nfg4 1-0

[Event "CZE-chT1E 1011"]
[Site "Czech Republic"]
[Date "2011.02.13"]
[Round "8.5"]
[White "Koutny, Petr"]
[Black "Trapl, Dalibor"]
[Result "0-1"]
[WhiteElo "2196"]
[BlackElo "2120"]
[PlyCount "92"]
[EventDate "2010.10.10"]
[EventType "team-tourn"]
[EventRounds "11"]
[EventCountry "CZE"]
[SourceTitle "EXT 2012"]
[Source "ChessBase"]
[SourceDate "2011.11.24"]
[SourceVersion "1"]
[SourceVersionDate "2011.11.24"]
[SourceQuality "1"]
[WhiteTeam "Zlin II"]
[BlackTeam "Ostrava Mittal"]
[WhiteTeamCountry "CZE"]
[BlackTeamCountry "CZE"]

1. e4 c5 2. Nc3 Nc6 3. Bb5 Nd4 4. Nf3 g6 5. Nxd4 cxd4 6. Ne2 Bg7 7. 0-0 e6 8. d3 Ne7 9. f4 0-0 10. Qe1 a6 11. Ba4 b5 12. Bb3 Bb7 13. Qf2 Nc6 14. f5 Qf6 15. Qg3 Qe5 16. Bf4 Qc5 17. Bd6 Qb6 18. Bxf8 Rxf8 19. f6 Bh8 20. Qh4 Ne5 21. Nf4 Qd8 22. Nh3 h5 23. Qg5 Ng4 24. e5 Qc7 25. Rae1 a5 26. Nf4 Kh7 27. Nxh5 gxh5 28. Qxh5+ Nh6 29. g4 Rg8 30. g5 Rg6 31. Kf2 a4 32. Rg1 axb3 33. gxh6 Qxc2+ 34. Re2 Qxd3 35. Rxg6 fxg6 36. Qg4 bxa2 37. f7 Bg7 38. hxg7 Kxg7 39. Qf4 Qf5 40. f8Q+ Qxf8 41. Qxf8+ Kxf8 42. Re1 Be4 43. Ra1 Bb1 44. Ke2 Ke7 45. Kd2 d6 46. exd6+ Kxd6 0-1

[Event "CZE-chT1E 1011"]
[Site "Czech Republic"]
[Date "2010.11.14"]
[Round "3.6"]
[White "Trapl, Dalibor"]
[Black "Adamek, Jiri"]
[Result "1/2-1/2"]
[WhiteElo "2120"]
[BlackElo "2240"]
[PlyCount "72"]
[EventDate "2010.10.10"]
[EventType "team-tourn"]
[EventRounds "11"]
[EventCountry "CZE"]
[SourceTitle "EXT 2012"]
[Source "ChessBase"]
[SourceDate "2011.11.24"]
[SourceVersion "1"]
[SourceVersionDate "2011.11.24"]
[SourceQuality "1"]
[WhiteTeam "Ostrava Mittal"]
[BlackTeam "Poruba Slavoj"]
[WhiteTeamCountry "CZE"]
[BlackTeamCountry "CZE"]

1. e4 c6 2. d4 d5 3. Nc3 g6 4. h3 Bg7 5. Nf3 dxe4 6. Nxe4 Bf5 7. Ng3 Nf6 8. Nxf5 Qa5+ 9. Bd2 Qxf5 10. Bd3 Qe6+ 11. Qe2 Qxe2+ 12. Kxe2 0-0 13. Rhe1 Nbd7 14. Kf1 Rfe8 15. c4 Rad8 16. Rad1 c5 17. d5 Nf8 18. Bc3 e6 19. dxe6 Rxe6 20. Rxe6 Nxe6 21. Be2 Rxd1+ 22. Bxd1 Ne4 23. Bxg7 Kxg7 24. Bc2 Nd6 25. b3 Kf6 26. g3 Nd8 27. Ke2 Nc6 28. Kd2 h6 29. Ke3 Ke6 30. Be4 Ne7 31. Nd2 g5 32. Nb1 f6 33. Nc3 b6 34. Bd5+ Kd7 35. Be4 Ke6 36. Bd5+ Kd7 1/2-1/2